000 00605nam a2200229Ia 4500
003 OSt
005 20221007073058.0
006 a|||||r|||| 00| 0
007 ta
008 221006b |||||||| |||| 00| 0 eng d
024 _a17,499
037 _cTextual
040 _aFLL
_cFLL
_beng
041 _2eng
_aeng
082 _aXM55:Z73g, L0
100 _aHenn Harry G. Au.
_9691871
245 0 _aLaw of corporations
260 _aLondon
_bWest Pub. England
_c1970
300 _axxxi,956p
_ccm.
942 _hXM55:Z73g, L0
_cTEXL
_2CC
999 _c1147640
_d1147640